000 00676nam a2200289Ia 4500
005 20260324113845.0
008 008 260324s9999 xx 000 0 eng d
020 _a9781003330103
037 _aEBOOK
040 _aCRL
040 _beng
040 _cCRL
041 _2eng
041 _aeng
084 _qCRL
100 _aGeorge K. Tsantes; James Ransome
_91148452
245 0 _aCybertax
245 0 _bManaging the Risks and Results
260 _bTaylor and Francis
260 _c2023
365 _a
365 _b225
856 _uhttp://www.taylorfrancis.com/books/9781003330103
942 _cEBOOK
999 _c1738321
_d1738321